|
|
|
|
| LEADER |
00000cam a2200000 a 4500 |
| 001 |
vtls010592071 |
| 003 |
SK-MaSNL |
| 005 |
20260302050648.0 |
| 008 |
240314s2014 xo g 000 f slo |
| 015 |
|
|
|a SNBA2015/03
|
| 020 |
|
|
|a 9788081143328
|q (brož.)
|
| 035 |
|
|
|a 4D6CA249-6B75-481B-8AF8-D453BF5E6E5D
|
| 035 |
|
|
|a urn:nbn:sk:snk-amjok8
|
| 035 |
|
|
|a urn:nbn:sk:snk-am002hbj
|
| 040 |
|
|
|a SNK
|b slo
|c SNK
|e AACR2
|
| 041 |
0 |
|
|a slo
|
| 044 |
|
|
|a xo
|c SK
|
| 072 |
|
7 |
|a 821.162.4-3
|x Slovenská próza
|2 konspekt
|
| 080 |
|
|
|a 821.162.4-31
|2 2001
|
| 100 |
1 |
|
|a Marsová, Ela
|4 aut
|9 705427
|
| 245 |
1 |
0 |
|a Závislá
|c Ela Marsová
|
| 250 |
|
|
|a 1. vyd.
|
| 260 |
|
|
|a Bratislava
|b Marenčin PT
|c 2014
|
| 300 |
|
|
|a 287 s.
|c 18 cm
|
| 655 |
|
7 |
|a slovenské romány
|2 SNKPH
|9 70324
|
| 655 |
|
7 |
|a Slovak fiction
|2 SNKPHeng
|9 277096
|
| 852 |
|
|
|a Štátna vedecká knižnica v Banskej Bystrici
|
| 919 |
|
|
|a 978-80-8114-332-8
|
| 958 |
|
|
|a LX
|
| 999 |
|
|
|c 1097921
|d 1099851
|
| 952 |
|
|
|a SNK
|b SNK
|y PREZ
|7 0
|p 17A1139897
|o snkSD 84022
|i snk2015/7442
|8 0
|0 0
|1 0
|4 0
|d 2015-03-03
|f 1
|l 0
|r 2017-06-30 00:00:00
|w 2026-02-24
|
| 952 |
|
|
|a SNK
|b SNK
|y VYP
|7 0
|p 17A1160121
|o snkSD 84022 D1
|i snk2015/18876
|8 0
|0 0
|1 0
|4 0
|d 2015-06-17
|l 0
|r 2017-06-30 00:00:00
|w 2026-02-24
|
| 952 |
|
|
|a SNKLM
|b SNKLM
|y NEVYP
|7 0
|o snklmDK 7065 SNKLM
|i snklm2014/246
|8 3
|g 8.54
|0 0
|1 0
|4 0
|d 2015-01-22
|l 0
|r 2026-02-24 17:20:32
|w 2026-02-24
|